书目信息 |
| 题名: |
园艺植物育种学
|
|
| 作者: | 陈大成 胡桂兵 林明宝 | |
| 分册: | ||
| 出版信息: | 广州 华南理工大学出版社 2001 |
|
| 页数: | 231 | |
| 开本: | 26cm | |
| 丛书名: | ||
| 单 册: | ||
| 中图分类: | S603 | |
| 科图分类: | ||
| 主题词: | 园艺 | |
| 电子资源: | ||
| ISBN: | 7-5623-1740-2 | |
| 000 | 00578nam0 2200181 450 | |
| 001 | 0741144344 | |
| 005 | 20070817112544.34 | |
| 010 | @a7-5623-1740-2@d¥23.50 | |
| 100 | @a20070817d km y0chiy0120 ea | |
| 101 | 0 | @achi |
| 200 | 1 | @a园艺植物育种学@Ayuan yi zhi wu yu zhong xue@f陈大成 胡桂兵 林明宝@Fchen da cheng hu gui bing lin ming bao |
| 210 | @a广州@c华南理工大学出版社@d2001 | |
| 215 | @a231@d26cm | |
| 606 | 0 | @a园艺 |
| 690 | @aS603@v3 | |
| 701 | 0 | @a陈大成 胡桂兵 林明宝@Achen da cheng hu gui bing lin ming bao |
| 801 | 0 | @aCN@bPFT@c20070817 |
| 905 | @a213230@dS603@en2@f1 | |
| 园艺植物育种学/陈大成 胡桂兵 林明宝.-广州:华南理工大学出版社,2001 |
| 231;26cm |
| ISBN 7-5623-1740-2:¥23.50 |
| ● |
| 相关链接 |
|
|
|
|
正题名:园艺植物育种学
索取号:S603/n2
 
预约/预借
| 序号 | 登录号 | 条形码 | 馆藏地/架位号 | 状态 | 备注 |
| 1 | 6601478 | 266014788 | 密集书库-生命科学系/ [索取号:S603/n2] | 在馆 |